[Event "FIDE WCC Blitz Women 2019"]
[Site "Moscow"]
[Date "2019.12.29"]
[Round "6.60"]
[White "Novikova, Anna"]
[Black "Nur-Mukhametova, Alisa"]
[Result "1-0"]
[WhiteElo "2045"]
[BlackElo "1832"]
[Annotator "NA"]
[PlyCount "116"]
[EventDate "2019.12.29"]
[EventType "swiss"]
[EventCountry "RUS"]
[SourceTitle "playchess.com"]
[Source "ChessBase"]
[SourceQuality "1"]

1. e4 c5 2. c3 Nf6 3. e5 Nd5 4. d4 cxd4 5. Nf3 e6 6. cxd4 d6 7. a3 Be7 8. Bd3 O-O 9. O-O Nc6 10. Qe2 dxe5 11. dxe5 b6 12. Qe4 g6 13. Bh6 Re8 14. Rd1 Bb7 15. Nbd2 Na5 16. Qe2 Rc8 17. Ne4 Nb3 18. Rab1 Nc5 19. Bb5 Bc6 20. Bxc6 Rxc6 21. Ng3 Qc7 22. Rbc1 Nb3 23. Rxc6 Qxc6 24. Ne4 Rc8 25. Bg5 Qc2 26. Qe1 Bxg5 27. Nfxg5 h6 28. Nf3 Kg7 29. Nd6 Rc7 30. Ne8+ Kf8 31. Nxc7 Qxc7 32. Nd4 Nxd4 33. Rxd4 Qc5 34. Rd2 a5 35. h4 Kg7 36. Qd1 Qc7 37. Qe1 Qc5 38. g3 a4 39. Qd1 Qc7 40. Rxd5 exd5 41. Qxd5 Qc1+ 42. Kg2 Qxb2 43. Qd6 Qb3 44. h5 Qe6 45. Qd4 g5 46. f4 gxf4 47. gxf4 Qg4+ 48. Kf2 Qe6 49. Ke3 b5 50. Ke4 Qc6+ 51. Ke3 Qe6 52. Qc3 Qh3+ 53. Kd4 Qd7+ 54. Ke4 Qb7+ 55. Ke3 Qb6+ 56. Qd4 Qe6 57. f5 Qxf5 58. e6+ Kf8 1-0

[Event "FIDE WCC Blitz Women 2019"]
[Site "Moscow"]
[Date "2019.12.29"]
[Round "6.61"]
[White "Guindy, Esmat Susanne"]
[Black "Manakova, Maria"]
[Result "0-1"]
[WhiteElo "2120"]
[BlackElo "2149"]
[Annotator "NA"]
[PlyCount "72"]
[EventDate "2019.12.29"]
[EventType "swiss"]
[EventCountry "RUS"]
[SourceTitle "playchess.com"]
[Source "ChessBase"]
[SourceQuality "1"]

1. d4 Nf6 2. c4 e6 3. Nf3 b6 4. g3 Bb7 5. Bg2 Be7 6. Nc3 O-O 7. O-O d5 8. cxd5 exd5 9. b3 c5 10. Bb2 Nc6 11. Rc1 Rc8 12. e3 Ba6 13. Re1 c4 14. Ne5 cxb3 15. Nxc6 Rxc6 16. axb3 Rc7 17. Ra1 Bc8 18. Qd3 a6 19. Na4 Rc6 20. Rac1 Rxc1 21. Rxc1 Bb7 22. Qf5 Bd6 23. h4 h6 24. Bf1 Ne4 25. Nc3 Nd2 26. Nxd5 Nxb3 27. Rd1 Bxg3 28. Nf6+ Qxf6 29. Qxf6 gxf6 30. fxg3 f5 31. Kf2 Rc8 32. Rb1 Rc2+ 33. Ke1 Rh2 34. Bc4 Nd2 35. Rc1 Nf3+ 36. Kd1 Rd2# 0-1

[Event "FIDE WCC Blitz Women 2019"]
[Site "Moscow"]
[Date "2019.12.29"]
[Round "7.1"]
[White "Koneru, Humpy"]
[Black "Lei, Tingjie"]
[Result "1/2-1/2"]
[WhiteElo "2489"]
[BlackElo "2543"]
[Annotator "ChessBase"]
[PlyCount "44"]
[EventDate "2019.12.29"]
[EventType "swiss"]
[EventCountry "RUS"]
[SourceTitle "playchess.com"]
[Source "ChessBase"]
[SourceQuality "1"]

1. d4 Nf6 2. Nf3 d5 3. e3 e6 4. Bd3 Bd6 5. O-O O-O 6. b3 b6 7. Bb2 Bb7 8. c4 Nbd7 9. Nbd2 Ne4 10. Rc1 Qe7 11. Qe2 a5 12. cxd5 exd5 13. Bb5 Nxd2 14. Qxd2 Nf6 15. Qc2 Ne4 16. Rfd1 c5 17. h3 Rfc8 18. Qe2 Rc7 19. Nd2 Nf6 20. Nf3 Ne4 21. Nd2 Nf6 22. Nf3 Ne4 1/2-1/2

[Event "FIDE WCC Blitz Women 2019"]
[Site "Moscow"]
[Date "2019.12.29"]
[Round "7.2"]
[White "Lagno, Kateryna"]
[Black "Gunina, Valentina"]
[Result "1-0"]
[WhiteElo "2606"]
[BlackElo "2366"]
[Annotator "ChessBase"]
[PlyCount "88"]
[EventDate "2019.12.29"]
[EventType "swiss"]
[EventCountry "RUS"]
[SourceTitle "playchess.com"]
[Source "ChessBase"]
[SourceQuality "1"]

1. e4 c6 2. d4 d5 3. Nd2 dxe4 4. Nxe4 Bf5 5. Ng3 Bg6 6. h4 h6 7. Nf3 e6 8. Ne5 Bh7 9. Bd3 Bxd3 10. Qxd3 Nd7 11. Qe2 Ngf6 12. Bd2 Qc7 13. O-O-O Bd6 14. f4 c5 15. Nxd7 Nxd7 16. d5 O-O-O 17. dxe6 fxe6 18. Rhf1 Rhe8 19. Ne4 Nf6 20. Nxd6+ Rxd6 21. Bc3 Rxd1+ 22. Qxd1 Ne4 23. Be5 Qa5 24. a3 Rd8 25. Qe1 Qa4 26. b3 Qxa3+ 27. Bb2 Qa6 28. Rf3 Nf6 29. Re3 Rd6 30. f5 exf5 31. Bxf6 gxf6 32. Re8+ Rd8 33. Rxd8+ Kxd8 34. Qd2+ Ke7 35. Qxh6 Qf1+ 36. Kb2 Qxg2 37. h5 Kf7 38. Qh7+ Ke6 39. h6 Qh2 40. Qg8+ Kd7 41. h7 Qe5+ 42. Ka2 Qc3 43. Qd5+ Kc7 44. Qxf5 Qa5+ 1-0

[Event "FIDE WCC Blitz Women 2019"]
[Site "Moscow"]
[Date "2019.12.29"]
[Round "7.3"]
[White "Dzagnidze, Nana"]
[Black "Tan, Zhongyi"]
[Result "0-1"]
[WhiteElo "2432"]
[BlackElo "2480"]
[Annotator "TA"]
[PlyCount "152"]
[EventDate "2019.12.29"]
[EventType "swiss"]
[EventCountry "RUS"]
[SourceTitle "playchess.com"]
[Source "ChessBase"]
[SourceQuality "1"]

1. c4 e6 2. Nf3 d5 3. e3 Nf6 4. Nc3 Be7 5. b3 O-O 6. Bb2 b6 7. d4 Bb7 8. Bd3 dxc4 9. Bxc4 Nbd7 10. O-O c5 11. Qe2 a6 12. a4 cxd4 13. exd4 Bb4 14. Rac1 Bxc3 15. Bxc3 Nd5 16. Bd2 Qb8 17. Ne5 Rd8 18. Rfd1 Qd6 19. Bd3 f5 20. Nc4 Qe7 21. Re1 Re8 22. Ne5 Qd6 23. h3 Nxe5 24. dxe5 Qe7 25. Rc2 Red8 26. Rec1 Rd7 27. Bc4 h6 28. Kh2 Qh4 29. g3 Qe7 30. Be1 Kh7 31. Bd3 Kg8 32. Bc4 Kh8 33. Rd1 Kh7 34. Rcc1 Kh8 35. Rc2 Rc7 36. Rdc1 Rac8 37. Bd3 Rxc2 38. Rxc2 Rxc2 39. Qxc2 Qd7 40. Qe2 a5 41. Bb5 Qc8 42. Qh5 Bc6 43. Bc4 Qd7 44. Qe2 Nc7 45. Bd2 Bd5 46. Be3 Qc6 47. Bb5 Qb7 48. Bc4 Bh1 49. Qf1 Bd5 50. Qd3 Qc6 51. Qd4 Bh1 52. Bf1 Nd5 53. Qc4 Nxe3 54. Qxc6 Bxc6 55. fxe3 Bd5 56. Bc4 Bxc4 57. bxc4 Kg8 58. Kg2 Kf7 59. Kf3 Ke7 60. e4 g5 61. h4 Kd7 62. hxg5 hxg5 63. Ke3 Kc6 64. exf5 exf5 65. Kd4 Kd7 66. Kd5 Ke7 67. e6 f4 68. gxf4 gxf4 69. Ke4 Kxe6 70. Kxf4 Kd6 71. Ke4 Kc5 72. Kd3 Kb4 73. Kd4 Kxa4 74. Kc3 Ka3 75. Kc2 Kb4 76. Kd3 a4 0-1

[Event "FIDE WCC Blitz Women 2019"]
[Site "Moscow"]
[Date "2019.12.29"]
[Round "7.4"]
[White "Zhukova, Natalia"]
[Black "Harika, Dronavalli"]
[Result "0-1"]
[WhiteElo "2239"]
[BlackElo "2445"]
[Annotator "NA"]
[PlyCount "142"]
[EventDate "2019.12.29"]
[EventType "swiss"]
[EventCountry "RUS"]
[SourceTitle "playchess.com"]
[Source "ChessBase"]
[SourceQuality "1"]

1. c4 e6 2. Nc3 d5 3. d4 c6 4. e3 Nf6 5. Nf3 Nbd7 6. Bd3 dxc4 7. Bxc4 b5 8. Be2 Bb7 9. e4 b4 10. e5 bxc3 11. exf6 cxb2 12. fxg7 Bxg7 13. Bxb2 O-O 14. O-O c5 15. Rb1 Bxf3 16. Bxf3 Rb8 17. Be4 Qh4 18. Qd3 c4 19. Qc2 Rfc8 20. Bc3 Rxb1 21. Rxb1 Nb6 22. g3 Qh5 23. a4 h6 24. a5 Nd5 25. a6 Nxc3 26. Qxc3 Qg4 27. f3 Qg5 28. Kg2 Qf6 29. Rd1 Qe7 30. Bb7 Rc7 31. Rd2 Qd6 32. Rd1 Qb6 33. Rd2 Qb3 34. Rc2 Qxc3 35. Rxc3 Bxd4 36. Rc2 c3 37. f4 Kg7 38. Kf3 f5 39. Ke2 Bf6 40. Kf3 Kf7 41. h3 Rd7 42. Ke3 h5 43. Bf3 Kg6 44. g4 hxg4 45. hxg4 Bd4+ 46. Ke2 fxg4 47. Bxg4 Kf6 48. Kf3 Rd6 49. Ke4 Rd8 50. Be2 Ke7 51. Bc4 Bf6 52. Kf3 Rc8 53. Bb3 Rc6 54. Re2 Rb6 55. Bc4 Rc6 56. Bd5 Rxa6 57. f5 e5 58. Rc2 Ra3 59. Ke4 Kd6 60. Be6 Kc5 61. Kd3 Kb4 62. Rh2 Ra6 63. Rh6 Rd6+ 64. Kc2 Rd2+ 65. Kb1 Rb2+ 66. Ka1 Rf2 67. Rxf6 Rf1+ 68. Ka2 c2 69. Rf7 c1=Q 70. Rb7+ Ka5 71. Rxa7+ Kb6 0-1

[Event "FIDE WCC Blitz Women 2019"]
[Site "Moscow"]
[Date "2019.12.29"]
[Round "7.5"]
[White "Abdumalik, Zhansaya"]
[Black "Munguntuul, Batkhuyag"]
[Result "0-1"]
[WhiteElo "2415"]
[BlackElo "2282"]
[Annotator "NA"]
[PlyCount "80"]
[EventDate "2019.12.29"]
[EventType "swiss"]
[EventCountry "RUS"]
[SourceTitle "playchess.com"]
[Source "ChessBase"]
[SourceQuality "1"]

1. e4 c5 2. Nf3 e6 3. d4 cxd4 4. Nxd4 Nc6 5. Nc3 Qc7 6. Be3 a6 7. Qf3 Nf6 8. O-O-O Ne5 9. Qg3 b5 10. f4 Neg4 11. e5 Nxe3 12. Qxe3 b4 13. Ne4 Nxe4 14. Qxe4 Bb7 15. Qe3 Bc5 16. Kb1 O-O 17. Qd2 Rfd8 18. Nb3 Bf8 19. Bd3 d6 20. exd6 Rxd6 21. h4 a5 22. Nc1 a4 23. h5 a3 24. b3 Rad8 25. Rh3 Rd4 26. Ne2 R4d5 27. g4 e5 28. fxe5 Qxe5 29. Qc1 Rxd3 30. Rhxd3 Rxd3 31. Rxd3 Qxe2 32. Re3 Qg2 33. c3 h6 34. Qc2 Qg1+ 35. Qc1 Qxg4 36. cxb4 Be4+ 37. Ka1 Be7 38. b5 Bf6+ 39. Rc3 Bxc3+ 40. Qxc3 Qd1+ 0-1

[Event "FIDE WCC Blitz Women 2019"]
[Site "Moscow"]
[Date "2019.12.29"]
[Round "7.6"]
[White "Voit, Daria"]
[Black "Paehtz, Elisabeth"]
[Result "1/2-1/2"]
[WhiteElo "2293"]
[BlackElo "2380"]
[Annotator "NA"]
[PlyCount "134"]
[EventDate "2019.12.29"]
[EventType "swiss"]
[EventCountry "RUS"]
[SourceTitle "playchess.com"]
[Source "ChessBase"]
[SourceQuality "1"]

1. d4 d6 2. Nf3 g6 3. c4 Bg7 4. Nc3 Nc6 5. d5 Na5 6. e4 c5 7. Qc2 Bg4 8. Nd2 Nf6 9. h3 Bd7 10. Be2 a6 11. O-O e5 12. Ndb1 O-O 13. f4 exf4 14. Bxf4 Qe7 15. Nd2 Rab8 16. a4 Bc8 17. Bg5 h6 18. Bh4 g5 19. Bg3 Nd7 20. Nf3 Ne5 21. Nxe5 Bxe5 22. Bxe5 Qxe5 23. Rf2 f5 24. exf5 Bxf5 25. Bd3 Bxd3 26. Qxd3 Rxf2 27. Kxf2 Rf8+ 28. Kg1 Qd4+ 29. Qxd4 cxd4 30. Ne4 Nxc4 31. b3 Rf4 32. Re1 Ne3 33. Nxd6 Nxd5 34. Nxb7 Ne3 35. Nc5 Rf6 36. b4 Rd6 37. Re2 d3 38. Rd2 Nc2 39. Rxd3 Rb6 40. a5 Rxb4 41. Nxa6 Ra4 42. Rd5 Ne3 43. Re5 Nc4 44. Re6 Rxa5 45. Rxh6 Kg7 46. Rc6 Ne5 47. Rc7+ Kg6 48. Nb4 Ra1+ 49. Kh2 Kf5 50. Nd5 Re1 51. Rc8 Re2 52. Rf8+ Ke6 53. Nc3 Re3 54. Nd1 Re2 55. Nf2 Ng6 56. Rf3 Nf4 57. h4 Kf5 58. g3 Ra2 59. gxf4 g4 60. Rg3 Rxf2+ 61. Rg2 Rxf4 62. Ra2 Rf3 63. Kg2 Rh3 64. Ra5+ Kf6 65. h5 Kf7 66. Rg5 Kf6 67. Rxg4 Rxh5 1/2-1/2

[Event "FIDE WCC Blitz Women 2019"]
[Site "Moscow"]
[Date "2019.12.29"]
[Round "7.7"]
[White "Gvetadze, Sofio"]
[Black "Socko, Monika"]
[Result "0-1"]
[WhiteElo "2202"]
[BlackElo "2286"]
[Annotator "NA"]
[PlyCount "86"]
[EventDate "2019.12.29"]
[EventType "swiss"]
[EventCountry "RUS"]
[SourceTitle "playchess.com"]
[Source "ChessBase"]
[SourceQuality "1"]

1. Nf3 Nf6 2. g3 d5 3. Bg2 c5 4. O-O Nc6 5. d3 e5 6. Nbd2 Be7 7. e4 O-O 8. exd5 Nxd5 9. Re1 f6 10. Nc4 Kh8 11. a4 Be6 12. c3 Qd7 13. Qc2 Rad8 14. Nfd2 Nc7 15. Bf1 Bf5 16. Ne4 Bg6 17. Bd2 Ne6 18. Rad1 f5 19. Nxc5 Nxc5 20. Nxe5 Nxe5 21. Rxe5 Bd6 22. Ree1 Qxa4 23. Qb1 f4 24. b4 Nd7 25. Qb2 Nf6 26. d4 Qc6 27. Bg2 Qc8 28. Qa2 Ng4 29. Bh3 Bf5 30. Bg2 fxg3 31. fxg3 a6 32. Rf1 Bd3 33. Rxf8+ Rxf8 34. Be1 Qf5 35. Qd2 Bc4 36. h3 Nf6 37. Bf2 Ne4 38. Bxe4 Qxe4 39. Re1 Qf5 40. g4 Qf3 41. Re3 Qf4 42. Bg3 Qf1+ 43. Kh2 Rf2+ 0-1

[Event "FIDE WCC Blitz Women 2019"]
[Site "Moscow"]
[Date "2019.12.29"]
[Round "7.9"]
[White "Muzychuk, Anna"]
[Black "Muzychuk, Mariya"]
[Result "1/2-1/2"]
[WhiteElo "2504"]
[BlackElo "2344"]
[Annotator "ChessBase"]
[PlyCount "33"]
[EventDate "2019.12.29"]
[EventType "swiss"]
[EventCountry "RUS"]
[SourceTitle "playchess.com"]
[Source "ChessBase"]
[SourceQuality "1"]

1. c4 e5 2. Nc3 Nc6 3. g3 g6 4. Bg2 Bg7 5. e3 Nge7 6. Nge2 O-O 7. O-O d6 8. d4 exd4 9. exd4 Bf5 10. h3 Qd7 11. Kh2 Nb4 12. Bf4 d5 13. c5 Nd3 14. Qd2 Nxf4 15. Nxf4 c6 16. Rfe1 b6 17. b4 1/2-1/2

[Event "FIDE WCC Blitz Women 2019"]
[Site "Moscow"]
[Date "2019.12.29"]
[Round "7.10"]
[White "Stefanova, Antoaneta"]
[Black "Pourkashiyan, Atousa"]
[Result "1-0"]
[WhiteElo "2452"]
[BlackElo "2327"]
[Annotator "ChessBase"]
[PlyCount "81"]
[EventDate "2019.12.29"]
[EventType "swiss"]
[EventCountry "RUS"]
[SourceTitle "playchess.com"]
[Source "ChessBase"]
[SourceQuality "1"]

1. d4 Nf6 2. Nf3 d5 3. e3 e6 4. Bd3 c5 5. b3 Nc6 6. O-O Bd6 7. Bb2 O-O 8. Nbd2 b6 9. Ne5 Bb7 10. a3 Rc8 11. f4 Ne7 12. Qf3 g6 13. Rad1 Ba8 14. Qh3 Ne4 15. Nxe4 dxe4 16. Ba6 Rb8 17. dxc5 bxc5 18. Nc4 Nd5 19. Nxd6 Qxd6 20. Bc4 Qe7 21. g4 f6 22. Qg3 Nb6 23. Be2 c4 24. b4 Rfd8 25. Bd4 Rbc8 26. g5 f5 27. h4 Qb7 28. h5 Kf7 29. hxg6+ hxg6 30. Qh4 Rxd4 31. Qh7+ Kf8 32. Qh8+ Ke7 33. Qf6+ Kd6 34. Rxd4+ Kc6 35. Qxe6+ Kb5 36. Qe5+ Nd5 37. Rfd1 Rd8 38. Bxc4+ Ka4 39. Bxd5 Qb5 40. Bb3+ Kxa3 41. Qxb5 1-0

[Event "FIDE WCC Blitz Women 2019"]
[Site "Moscow"]
[Date "2019.12.29"]
[Round "7.11"]
[White "Girya, Olga"]
[Black "Arabidze, Meri"]
[Result "1/2-1/2"]
[WhiteElo "2337"]
[BlackElo "2412"]
[Annotator "NA RC"]
[PlyCount "155"]
[EventDate "2019.12.29"]
[EventType "swiss"]
[EventCountry "RUS"]
[SourceTitle "playchess.com"]
[Source "ChessBase"]
[SourceQuality "1"]

1. d4 d5 2. c4 e6 3. Nc3 Nf6 4. cxd5 exd5 5. Bg5 c6 6. e3 Be7 7. Qc2 Nbd7 8. Bd3 O-O 9. Nf3 Re8 10. O-O Nf8 11. a3 a5 12. Rab1 g6 13. Ne5 Ne6 14. Bh6 Ng7 15. b4 axb4 16. axb4 Bf5 17. Bxg7 Bxd3 18. Nxd3 Kxg7 19. b5 Bd6 20. bxc6 bxc6 21. Rb7 Rb8 22. Rxb8 Qxb8 23. h3 Rc8 24. Rb1 Qc7 25. Qb3 Qe7 26. Qb7 Rc7 27. Qb6 h5 28. Rc1 h4 29. Ne2 Qe4 30. Ne1 Nd7 31. Qa6 Qe6 32. Kf1 g5 33. Nf3 f6 34. Qa8 Bf8 35. Qa6 Qd6 36. Qd3 Qe6 37. Nc3 Bd6 38. Qc2 Bf8 39. Ne2 c5 40. dxc5 Rxc5 41. Qd1 Rxc1 42. Nxc1 Bc5 43. Nb3 Qe4 44. Nfd4 Bxd4 45. Nxd4 Ne5 46. Qc2 Qxc2 47. Nxc2 Kg6 48. Nb4 Nc4 49. Nxd5 Kf5 50. Ke2 Ke5 51. Nb4 Nd6 52. Nd3+ Kf5 53. Kf3 Nc4 54. e4+ Kg6 55. Nc5 Ne5+ 56. Ke3 Nc4+ 57. Kd3 Ne5+ 58. Kd4 Nf7 59. Nd3 Nd6 60. Kd5 Nb5 61. e5 fxe5 62. Kxe5 Nc3 63. Nc5 Nd1 64. Ne4 Nb2 65. Kd4 Na4 66. Ke5 Nb2 67. Kd4 Na4 68. Ke3 Nb6 69. Nc3 Nc4+ 70. Ke4 Nd6+ 71. Kd5 Nf5 72. Ne4 Ng7 73. Ke5 Nh5 74. Nd2 Nf4 75. g3 Nxh3 76. gxh4 gxh4 77. Nf3 Nxf2 78. Nxh4+ 1/2-1/2

[Event "FIDE WCC Blitz Women 2019"]
[Site "Moscow"]
[Date "2019.12.29"]
[Round "7.12"]
[White "Saduakassova, Dinara"]
[Black "Mkrtchian, Lilit"]
[Result "1-0"]
[WhiteElo "2390"]
[BlackElo "2268"]
[Annotator "NA RC"]
[PlyCount "175"]
[EventDate "2019.12.29"]
[EventType "swiss"]
[EventCountry "RUS"]
[SourceTitle "playchess.com"]
[Source "ChessBase"]
[SourceQuality "1"]

1. d4 e6 2. c4 b6 3. e4 Bb4+ 4. Bd2 Bxd2+ 5. Qxd2 d5 6. cxd5 exd5 7. e5 Ne7 8. Nc3 O-O 9. Be2 c5 10. Nf3 Nbc6 11. O-O Bg4 12. dxc5 bxc5 13. h3 Bxf3 14. Bxf3 Nxe5 15. Bxd5 Nc4 16. Qe2 Nxd5 17. Qxc4 Nxc3 18. Qxc3 Qd4 19. Rac1 a5 20. Rfd1 Qb4 21. b3 Rfc8 22. Rd7 Qxc3 23. Rxc3 a4 24. Rd5 axb3 25. axb3 Rcb8 26. Rdxc5 g6 27. Rc7 Rb4 28. Rf3 Rf8 29. g4 Kg7 30. Kg2 Rb5 31. Rd7 h5 32. Kg3 hxg4 33. hxg4 Rb4 34. Rc7 g5 35. Rc4 Rb5 36. b4 Kg6 37. Rd3 Rfb8 38. Rd6+ Kg7 39. Rdd4 R5b6 40. Re4 Kg6 41. Red4 f6 42. Kf3 Rb5 43. Ke3 R5b6 44. Kd3 f5 45. gxf5+ Kxf5 46. Rc5+ Kg6 47. Kc3 Rf6 48. Rdd5 Rxf2 49. Rxg5+ Kf6 50. Rgd5 Ke6 51. Rd3 Rf4 52. Rc6+ Ke7 53. Rc4 Rxc4+ 54. Kxc4 Rc8+ 55. Kb5 Rb8+ 56. Ka4 Ra8+ 57. Kb3 Rb8 58. Rd4 Ke6 59. Kc4 Rc8+ 60. Kb5 Rb8+ 61. Kc5 Rc8+ 62. Kb6 Ke5 63. Rd7 Ke6 64. Rc7 Rb8+ 65. Rb7 Rh8 66. Rc7 Rb8+ 67. Kc5 Rh8 68. b5 Rh1 69. Kb6 Rb1 70. Rc3 Kd7 71. Rc5 Rb2 72. Kb7 Kd6 73. Rc6+ Kd7 74. b6 Rb1 75. Rc3 Rb2 76. Rd3+ Ke6 77. Kc7 Rc2+ 78. Kb8 Rb2 79. b7 Ke7 80. Rd4 Rb3 81. Kc7 Rc3+ 82. Kb6 Rb3+ 83. Kc6 Rb1 84. Kc7 Rc1+ 85. Kb8 Rb1 86. Ra4 Kd7 87. Ka7 Kc7 88. Rc4+ 1-0

[Event "FIDE WCC Blitz Women 2019"]
[Site "Moscow"]
[Date "2019.12.29"]
[Round "7.13"]
[White "Guichard, Pauline"]
[Black "Sargsyan, Anna"]
[Result "1-0"]
[WhiteElo "2335"]
[BlackElo "1708"]
[Annotator "NA"]
[PlyCount "85"]
[EventDate "2019.12.29"]
[EventType "swiss"]
[EventCountry "RUS"]
[SourceTitle "playchess.com"]
[Source "ChessBase"]
[SourceQuality "1"]

1. c4 c6 2. Nf3 d5 3. e3 Nf6 4. Nc3 e6 5. b3 Bd6 6. Bb2 O-O 7. d4 Nbd7 8. Bd3 Re8 9. h3 Qe7 10. O-O e5 11. dxe5 Nxe5 12. cxd5 Nxf3+ 13. Qxf3 Qe5 14. Rfd1 cxd5 15. Rab1 Be6 16. Nb5 Qh2+ 17. Kf1 Be5 18. Bxe5 Qxe5 19. Rbc1 Rac8 20. a4 a6 21. Nd4 Bd7 22. Qf4 Qh5 23. Be2 Qg6 24. Qd6 Rcd8 25. Qc7 Ne4 26. Qxb7 Bc8 27. Qc6 Qg5 28. Bxa6 Qh4 29. Rc2 Bd7 30. Qb6 Rb8 31. Qc7 Be6 32. Qf4 Qe7 33. Nc6 Qa3 34. Nxb8 Qxb3 35. Rdc1 Rxb8 36. Bc8 h6 37. Bxe6 fxe6 38. Qe5 Rf8 39. Qxe6+ Kh8 40. Rc8 Qd3+ 41. Kg1 Rxc8 42. Rxc8+ Kh7 43. Qf5+ 1-0

[Event "FIDE WCC Blitz Women 2019"]
[Site "Moscow"]
[Date "2019.12.29"]
[Round "7.14"]
[White "Bodnaruk, Anastasia"]
[Black "Assaubayeva, Bibisara"]
[Result "1-0"]
[WhiteElo "2375"]
[BlackElo "2323"]
[Annotator "NA"]
[PlyCount "91"]
[EventDate "2019.12.29"]
[EventType "swiss"]
[EventCountry "RUS"]
[SourceTitle "playchess.com"]
[Source "ChessBase"]
[SourceQuality "1"]

1. e4 e5 2. Nf3 Nc6 3. Bc4 Bc5 4. d3 Nf6 5. Bg5 h6 6. Bh4 Be7 7. O-O d6 8. c3 O-O 9. a4 a6 10. Nbd2 Be6 11. a5 Qd7 12. Re1 Bxc4 13. Nxc4 Nh5 14. Nfxe5 dxe5 15. Bxe7 Nxe7 16. Qxh5 Qxd3 17. Qxe5 Qxc4 18. Qxe7 Rfe8 19. Qh4 Rad8 20. Qf4 Rd6 21. f3 Red8 22. Rac1 Rd2 23. b3 Qxb3 24. Qxc7 Qa2 25. Kh1 R8d7 26. Qb8+ Kh7 27. Rg1 Qxa5 28. c4 Qa2 29. c5 Rb2 30. Qf4 Rdd2 31. Qf5+ g6 32. Qg4 h5 33. Qh3 a5 34. e5 a4 35. c6 bxc6 36. Rxc6 Qd5 37. Rcc1 Qxe5 38. Qc8 a3 39. Qf8 Qg7 40. Qxa3 Qf6 41. Qf8 Qf4 42. Rc8 Qf6 43. Rc7 Rxg2 44. Rxf7+ Qxf7 45. Qxf7+ Kh6 46. Rxg2 1-0

[Event "FIDE WCC Blitz Women 2019"]
[Site "Moscow"]
[Date "2019.12.29"]
[Round "7.15"]
[White "Kashlinskaya, Alina"]
[Black "Zatonskih, Anna"]
[Result "1-0"]
[WhiteElo "2282"]
[BlackElo "2374"]
[Annotator "NA"]
[PlyCount "99"]
[EventDate "2019.12.29"]
[EventType "swiss"]
[EventCountry "RUS"]
[SourceTitle "playchess.com"]
[Source "ChessBase"]
[SourceQuality "1"]

1. d4 d5 2. c4 e6 3. Nc3 Nf6 4. cxd5 exd5 5. Bg5 c6 6. e3 Be7 7. Bd3 Nbd7 8. Qc2 Nf8 9. O-O-O Ne6 10. Bxf6 Bxf6 11. f4 Bd7 12. Nf3 Nc7 13. Rhe1 Bg4 14. e4 Be7 15. f5 dxe4 16. Bxe4 O-O 17. Kb1 Bb4 18. d5 Bxf3 19. Bxf3 Bxc3 20. dxc6 Bxe1 21. Rxd8 Raxd8 22. cxb7 Nb5 23. Qe2 Ba5 24. Qxb5 Bc7 25. Bc6 f6 26. a4 Bxh2 27. Bd7 Bb8 28. Qc6 Kh8 29. Be6 Rd6 30. Qc8 Rdd8 31. Qc4 Be5 32. Qc5 Bd6 33. Qxa7 Bb8 34. Qc5 Bd6 35. Qc6 Be5 36. Bd5 Rd6 37. Qc8 Rdd8 38. Qc4 Rd6 39. Be6 Rb6 40. b4 Rxb7 41. b5 Rc7 42. Qd5 g6 43. a5 gxf5 44. b6 Rg7 45. a6 Re7 46. b7 Rfe8 47. Bf7 Rf8 48. a7 Rfxf7 49. b8=Q+ Bxb8 50. axb8=Q+ 1-0

[Event "FIDE WCC Blitz Women 2019"]
[Site "Moscow"]
[Date "2019.12.29"]
[Round "7.16"]
[White "Charochkina, Daria"]
[Black "Khademalsharieh, Sarasadat"]
[Result "1-0"]
[WhiteElo "2212"]
[BlackElo "2463"]
[Annotator "ChessBase"]
[PlyCount "59"]
[EventDate "2019.12.29"]
[EventType "swiss"]
[EventCountry "RUS"]
[SourceTitle "playchess.com"]
[Source "ChessBase"]
[SourceQuality "1"]

1. d4 Nf6 2. c4 e6 3. Nc3 Bb4 4. e3 O-O 5. Bd2 d5 6. Nf3 b6 7. cxd5 exd5 8. Rc1 Bb7 9. Ne5 a6 10. Bd3 Bd6 11. f4 c5 12. O-O Nc6 13. Ng4 cxd4 14. Nxf6+ Qxf6 15. Nxd5 Qd8 16. e4 Ne7 17. Nxe7+ Qxe7 18. e5 Bc5 19. Qh5 g6 20. Qh6 Bd5 21. f5 f6 22. exf6 Rxf6 23. Bg5 Qf8 24. Qh4 Rc6 25. fxg6 Qg7 26. Bf6 Rxf6 27. gxh7+ Kf7 28. Rxf6+ Qxf6 29. Rf1 Qxf1+ 30. Kxf1 1-0

[Event "FIDE WCC Blitz Women 2019"]
[Site "Moscow"]
[Date "2019.12.29"]
[Round "7.17"]
[White "Garifullina, Leya"]
[Black "Ushenina, Anna"]
[Result "1-0"]
[WhiteElo "2267"]
[BlackElo "2424"]
[Annotator "NA"]
[PlyCount "183"]
[EventDate "2019.12.29"]
[EventType "swiss"]
[EventCountry "RUS"]
[SourceTitle "playchess.com"]
[Source "ChessBase"]
[SourceQuality "1"]

1. e4 c5 2. Nf3 a6 3. c3 d5 4. exd5 Qxd5 5. d4 Nf6 6. Be2 cxd4 7. cxd4 e6 8. Nc3 Qd6 9. O-O Nc6 10. Bc4 Be7 11. d5 exd5 12. Nxd5 Nxd5 13. Qxd5 Qxd5 14. Bxd5 Nb4 15. Bb3 O-O 16. Bg5 Bxg5 17. Nxg5 Bf5 18. Rac1 Nc6 19. Bd5 h6 20. Nf3 Bd7 21. a3 Rac8 22. Rfe1 Rfe8 23. h3 Kf8 24. Rxe8+ Bxe8 25. Re1 Rd8 26. Ba2 Nd4 27. Ne5 Rc8 28. Bb1 Rc5 29. Kh2 b5 30. Ng4 a5 31. Rd1 Ne6 32. Ne3 b4 33. axb4 axb4 34. Ba2 Nc7 35. Rd4 Ra5 36. Bb3 Na6 37. Nc4 Rb5 38. Nd6 Rb8 39. Nxe8 Kxe8 40. Re4+ Kf8 41. Rc4 Ke7 42. Rc6 Ra8 43. Rb6 Nc5 44. Rxb4 Rd8 45. Bc4 Rd2 46. f3 Rd4 47. b3 g5 48. Rb5 Ne6 49. Rb7+ Kf6 50. Rb6 h5 51. Bxe6 fxe6 52. Rb8 h4 53. b4 Rd2 54. Rc8 Rb2 55. Rc4 Kf5 56. Rc5+ e5 57. Rc4 Kf6 58. Rg4 Kf5 59. Kg1 Rc2 60. Kf1 Rb2 61. Ke1 Kf6 62. Kd1 Kg6 63. Kc1 Ra2 64. Kb1 Rd2 65. b5 e4 66. fxe4 Rd4 67. e5 Rd5 68. Rb4 Rxe5 69. b6 Re8 70. b7 Rb8 71. Kc2 Kf5 72. Kd3 Ke5 73. Ke3 Kf5 74. Kf3 Kg6 75. Kg4 Kf6 76. Rb6+ Ke5 77. Kxg5 Kd5 78. Kxh4 Kc5 79. Rb1 Kc6 80. g4 Kc7 81. g5 Rh8+ 82. Kg4 Kb8 83. h4 Re8 84. h5 Re4+ 85. Kf5 Rc4 86. g6 Rc5+ 87. Kg4 Rc4+ 88. Kg5 Rc5+ 89. Kh6 Rc6 90. Kh7 Rb6 91. Rg1 Kxb7 92. g7 1-0

[Event "FIDE WCC Blitz Women 2019"]
[Site "Moscow"]
[Date "2019.12.29"]
[Round "7.18"]
[White "Matveeva, Svetlana"]
[Black "Galliamova, Alisa"]
[Result "1-0"]
[WhiteElo "2239"]
[BlackElo "2415"]
[Annotator "NA"]
[PlyCount "101"]
[EventDate "2019.12.29"]
[EventType "swiss"]
[EventCountry "RUS"]
[SourceTitle "playchess.com"]
[Source "ChessBase"]
[SourceQuality "1"]

1. d4 d5 2. c4 c6 3. Nc3 Nf6 4. e3 e6 5. Nf3 Nbd7 6. Qc2 Bd6 7. b3 O-O 8. Be2 b6 9. O-O Bb7 10. Bb2 dxc4 11. bxc4 c5 12. d5 exd5 13. cxd5 Qe7 14. Rad1 Rac8 15. e4 a6 16. Rfe1 b5 17. Bf1 Ne5 18. Nxe5 Bxe5 19. g3 c4 20. a3 Qc5 21. Bh3 Rc7 22. Na2 Bxb2 23. Qxb2 c3 24. Qb4 Qxb4 25. axb4 c2 26. Rc1 Rc4 27. f3 Re8 28. d6 Bc8 29. Bxc8 Rexc8 30. e5 Nd7 31. f4 g6 32. Re2 Nb6 33. Rd2 Nd7 34. Kf2 Kg7 35. Ke3 Kf8 36. Kd3 g5 37. Rdxc2 gxf4 38. gxf4 Nb6 39. Rxc4 bxc4+ 40. Kd4 Ke8 41. Nc3 Kd7 42. Nd5 Nxd5 43. Kxd5 c3 44. f5 Rb8 45. e6+ fxe6+ 46. fxe6+ Kd8 47. Rxc3 Rb5+ 48. Kc6 Rxb4 49. e7+ Ke8 50. Rf3 Rc4+ 51. Kd5 1-0